Honour killing and the status of woman in Pakistan (Record no. 67592)
[ view plain ]
| 000 -LEADER | |
|---|---|
| fixed length control field | 00288nam a22001097a 4500 |
| 082 ## - DEWEY DECIMAL CLASSIFICATION NUMBER | |
| Classification number | 362.880 |
| Item number | HYD |
| 100 ## - MAIN ENTRY--AUTHOR NAME | |
| Personal name | Hyder, Ghulam |
| 245 ## - TITLE STATEMENT | |
| Title | Honour killing and the status of woman in Pakistan |
| 260 ## - PUBLICATION, DISTRIBUTION, ETC. (IMPRINT) | |
| Place of publication | Pakistan, |
| Name of publisher | National Institute of Pakistan: |
| Year of publication | 2007. |
| 300 ## - PHYSICAL DESCRIPTION | |
| Number of Pages | 212p. |
| 942 ## - ADDED ENTRY ELEMENTS (KOHA) | |
| Koha item type | Books |
| Withdrawn status | Lost status | Home library | Current library | Date acquired | Full call number | Accession Number | Koha item type |
|---|---|---|---|---|---|---|---|
| Central Library, QUEST, Nawabshah | Central Library, QUEST, Nawabshah | 23/05/2022 | 362.880 HYD | D2190 | Books |